Statistics for Fill in the lyrics to that indie/rock song

Click here to take the quiz!

General Stats

  • This quiz has been taken 181 times
  • The average score is 2 of 15

Answer Stats

LyricsAnswer% Correct
You used to get it in your fishnets, ___ ___ ____ ___ __ __ ____ __________now you only get it in your nightdress
63%
Don't leave me high, ____ _____ __ ___.don't leave me dry
45%
What did we ever do to these guys, ____ ____ ____ __ _______?that made them so violent
24%
Ooh oh oh oh, I got a love that _____ __ _______keeps me waiting
19%
Boy, one day you'll be a man, oh girl, ____ ____ ___ __________.he'll help you understand
15%
Good times for a change, see the luck I've had ___ ____ _ ____ ___ ____ ___.can make a good man turn bad
14%
Sleepin' in is givin' in, no matter what the time is, sleepin' in is givin' in, __ ____ _____ _____ _______.so lift those heavy eyelids
12%
Candy came from out on the island, in the back room ___ ___ _________ ______she was everybody's darling
9%
Bones sinking like stones, all that we fall for, homes, places we've grown, ___ __ __ ___ ____ ___.all of us are done for
8%
Now we're a family, and we're alright now, we got money, ___ _ ______ _____ __ _____ ___and a little place to fight now
8%
I want to live, where ____ _____ ____.soul meets body
8%
We walk the plank with our ____ ____ ____.eyes wide open
5%
After all of this is gone, who would you rather be? ___ _______ __ ___ _______ ______?The Beatles or The Rolling Stones
3%
I think I'm in love ___ __ _____ __ ____ __ _______ __ ___ __.but it makes me kind of nervous to say so
2%
At the movies drunk and young, ______ _____ ____ ____ _____double knots that came undone
1%

Score Distribution

Percentile by Number Answered

Percent of People with Each Score

Your Score History

You have not taken this quiz